000
00342 a2200157 4500
001
56601
020
_a
9788502023604
040
_c
Anchieta - Pituba
100
_a
Albergaria, Lino de
240
1
0
_a
De Paris, com amor
_l
por
245
1
0
_a
De Paris, com amor
300
_a
87
362
0
_a
2010
650
4
_a
Literatura juvenil
942
_c
BK
999
_c
56601
_d
56601